| 000 | 00909nam a2200337Ia 4500 | ||
|---|---|---|---|
| 005 | 20260514124358.0 | ||
| 008 | 008 261405s9999 xx 000 0 eng d | ||
| 037 | _aThesis | ||
| 040 | _aCRL | ||
| 040 | _beng | ||
| 040 | _cCRL | ||
| 041 | _2eng | ||
| 041 | _aeng | ||
| 084 | _qCRL | ||
| 100 |
_aMishra Dr.Siddharth _91239707 |
||
| 245 | 0 | _aStudy to Compare Outcome in Patients Undergoing Laparoscopic Total Extraperitoneal Mesh Repair VS Lichtenstein Mesh Hernioplasty in Inguinal Hernias. | |
| 260 | _aDelhi | ||
| 260 | _bUniversity of Delhi | ||
| 260 | _c2016 | ||
| 300 | _a89p. | ||
| 502 | _bPh.D. | ||
| 502 | _cUniversity of Delhi | ||
| 502 | _d2016 | ||
| 541 | _oThesis | ||
| 650 | _aGeneral Surgery | ||
| 700 |
_aCol Dr.A K Sharma _91239709 |
||
| 700 |
_aCol Dr.MS Gill _91239710 |
||
| 710 |
_aGeneral Surgery _91239711 |
||
| 942 | _cTH | ||
| 999 |
_c1851769 _d1851769 |
||